<?xml version="1.0" encoding="UTF-8"?>
<record
    xmlns:xsi="http://www.w3.org/2001/XMLSchema-instance"
    xsi:schemaLocation="http://www.loc.gov/MARC21/slim http://www.loc.gov/standards/marcxml/schema/MARC21slim.xsd"
    xmlns="http://www.loc.gov/MARC21/slim">

  <leader>01507nam a2200301 a 4500</leader>
  <controlfield tag="001">26548</controlfield>
  <controlfield tag="003">BD-RjUL</controlfield>
  <controlfield tag="005">20211209051031.0</controlfield>
  <controlfield tag="008">181011s1950    nyu      b    000 0 eng  </controlfield>
  <datafield tag="035" ind1=" " ind2=" ">
    <subfield code="a">(BD-RjUL)26618</subfield>
  </datafield>
  <datafield tag="040" ind1=" " ind2=" ">
    <subfield code="a">DLC</subfield>
    <subfield code="c">DZM</subfield>
    <subfield code="d">SER</subfield>
    <subfield code="d">BD-RjUL</subfield>
    <subfield code="b">eng</subfield>
  </datafield>
  <datafield tag="041" ind1="1" ind2=" ">
    <subfield code="a">eng</subfield>
    <subfield code="h">ara</subfield>
  </datafield>
  <datafield tag="082" ind1=" " ind2=" ">
    <subfield code="a">297.2</subfield>
    <subfield code="2">23</subfield>
    <subfield code="b">ALC 1950</subfield>
  </datafield>
  <datafield tag="100" ind1="1" ind2=" ">
    <subfield code="a">Al-Taftazani, Sa'd al-D&#x12B;n Mas'ud Ibn &#x2BF;Umar </subfield>
    <subfield code="d">1322-1389.</subfield>
    <subfield code="9">223628</subfield>
  </datafield>
  <datafield tag="110" ind1=" " ind2=" ">
    <subfield code="6">Najm al-Din Ab&#x16B; &#x1E22;af&#x1E61; 'Umar Ibn Muhammad  al-Nasafi</subfield>
  </datafield>
  <datafield tag="245" ind1="1" ind2="2">
    <subfield code="a">A commentary on the creed of Islam :</subfield>
    <subfield code="b">Sa&#x2BF;d al-D&#x12B;n al-Taft&#x101;z&#x101;n&#x12B; on the creed of Najm al-D&#x12B;n al-Nasaf&#x12B; /</subfield>
    <subfield code="c">Sa'd al-D&#x12B;n Mas'ud Ibn &#x2BF;Umar al-Taftazani, Najm al-Din Ab&#x16B; &#x1E22;af&#x1E61; 'Umar Ibn Muhammad  al-Nasafi ; Translated with introduction and notes by Earl Edgar Elder.</subfield>
  </datafield>
  <datafield tag="260" ind1=" " ind2=" ">
    <subfield code="a">New York :</subfield>
    <subfield code="b">Columbia University Press,</subfield>
    <subfield code="c">1950.</subfield>
  </datafield>
  <datafield tag="300" ind1=" " ind2=" ">
    <subfield code="a">xxxii, 187 p.</subfield>
    <subfield code="c">24 cm.</subfield>
  </datafield>
  <datafield tag="490" ind1="1" ind2=" ">
    <subfield code="a">Records of civilization, sources and studies ;</subfield>
    <subfield code="v">no. 43</subfield>
  </datafield>
  <datafield tag="500" ind1=" " ind2=" ">
    <subfield code="a">"The translation was first made as a part of the requirements for the degree of doctor of philosophy a the Kennedy School of Missions of the Hartford Seminary Foundation."</subfield>
  </datafield>
  <datafield tag="504" ind1=" " ind2=" ">
    <subfield code="a">Bibliography: p. [171]-175.</subfield>
  </datafield>
  <datafield tag="650" ind1=" " ind2="0">
    <subfield code="a">Islam.</subfield>
    <subfield code="x">Doctrines</subfield>
    <subfield code="9">223630</subfield>
  </datafield>
  <datafield tag="650" ind1=" " ind2="0">
    <subfield code="a">Islam</subfield>
    <subfield code="x">Essence, genius, nature</subfield>
    <subfield code="9">223631</subfield>
  </datafield>
  <datafield tag="700" ind1="1" ind2=" ">
    <subfield code="a">Al-Nasafi, Najm al-Din Ab&#x16B; &#x1E22;af&#x1E61; 'Umar Ibn Muhammad,   jt. auth.</subfield>
    <subfield code="9">79155</subfield>
  </datafield>
  <datafield tag="700" ind1="1" ind2=" ">
    <subfield code="a">Elder, Earl Edgar, 1887- , tr.</subfield>
    <subfield code="9">223640</subfield>
  </datafield>
  <datafield tag="830" ind1=" " ind2="0">
    <subfield code="a">Records of civilization, sources and studies ;</subfield>
    <subfield code="v">no. 43.</subfield>
    <subfield code="9">223643</subfield>
  </datafield>
  <datafield tag="942" ind1=" " ind2=" ">
    <subfield code="2">ddc</subfield>
    <subfield code="c">RAR</subfield>
  </datafield>
  <datafield tag="999" ind1=" " ind2=" ">
    <subfield code="c">26548</subfield>
    <subfield code="d">26548</subfield>
  </datafield>
  <datafield tag="952" ind1=" " ind2=" ">
    <subfield code="0">0</subfield>
    <subfield code="1">0</subfield>
    <subfield code="2">ddc</subfield>
    <subfield code="4">0</subfield>
    <subfield code="7">1</subfield>
    <subfield code="8">RARE</subfield>
    <subfield code="a">RUCL</subfield>
    <subfield code="b">RUCL</subfield>
    <subfield code="c">Rare</subfield>
    <subfield code="d">1966-11-18</subfield>
    <subfield code="e">Dacca, Qureshi,</subfield>
    <subfield code="g">19.20</subfield>
    <subfield code="l">0</subfield>
    <subfield code="o">RA 297.2 ALC 1950</subfield>
    <subfield code="r">2018-10-11 00:00:00</subfield>
    <subfield code="t">C-1</subfield>
    <subfield code="w">2021-12-09</subfield>
    <subfield code="y">RAR</subfield>
  </datafield>
</record>
